1077 1906 1679 1282 1162 1433 1460 1551 1804 1812 1685 1905 1191 1591 1295 1220 1786 1115 1818 1826 1705 1445 1059 1535 1796 1913 1169 1620 1272 1555 1479 1941 1901 1729 1452 1698 1814 1321 1138 1737 1202 1414 1467 1732 1245 1307 1060 1990 1303 1680 1273 1913 1520 1960 1089 1592 1346 1663 1040 1551 1681 1010 1105 1704 1719 1163 1761 1077 1309 1940 1733 1692 1538 1891 1749 1865 1300 1172 1876 1814 1258 1586 1053 1300 1700 1763 1771 1510 1809 1888 1843 1988 1627 1549 1034 1095 1340 1313 1344 BCNSPRNW ULIB Ver.6.0+V

เปลี่ยนเป็นภาษาไทย

Change to English
 แสดงรายละเอียดบรรณานุกรม
  กลับหน้าหลัก

Brief Record : Get Marc (ISO 2709) : E-mail record : QR code < ปิดหน้าต่าง
LEADER : 00000nam 2200000uu 4500
001    13399108757
003     ULIB
008    110314s2543||||th 000 0 tha d
020    9742827257
060  4 W33.JT3^bธ17ค 2543
100 0  ธเนตร บัวแย้ม
245 00 คำอธิบายพระราชบัญญัติการประกอบโรคศิลปะ พ.ศ.2542/^cธเนตร บัวแย้ม,เสถียร แจ้งศิริเจริญ
260    กรุงเทพฯ:^bวิญญูชน,^c2543
300    88 หน้า
650  7 พ.ร.บ.การประกอบโรคศิลปะ
650  7 การประกอบโรคศิลปะ
700 0  เสถียร แจ้งศิริเจริญ
945    ^p80^l0^i018717
945    ^p80^l0^i018687
945    ^p80^l0^i018685
945    ^p80^l0^i018686
995    ทศพร
999 ^a ใช้งานได้ทุกระบบ
รายการนี้ยังไม่มีแท็ก
คุณยังไม่ได้ล็อกอิน คุณสามารถมีกิจกรรมร่วมกับเว็บไซต์ได้ แต่ต้องล็อกอินก่อน ::
  ล็อกอิน

รายการสื่อสารสนเทศ

ลำดับที่ ประเภท เลขเรียก/บาร์โค้ด สถานที่ สถานะ
- ไม่พบข้อมูล -

BibComment


ยังไม่เคยถูกคอมเมนท์

คอมเมนท์ทรัพยากรรายการนี้
  คอมเมนท์: คำอธิบายพระราชบัญ..


 Copyright 2026. Bcnsprnw @Library